| 000 | 00517nam a2200169 i 4500 | ||
|---|---|---|---|
| 001 | 90348 | ||
| 003 | ES-MaACL | ||
| 005 | 20230906180422.0 | ||
| 007 | t| | ||
| 008 | 050120s1943 uy ||||1| spa d | ||
| 100 | 1 |
_aLeborgne, Félix E. _971026 |
|
| 245 | 1 | 0 |
_aCáncer de la laringe _b: estudio radiológico / _cpor Félix E. Leborgne. |
| 260 |
_aMontevideo : _bCasa A. Abrreiro y Ramos, _c1943. |
||
| 300 |
_a387 p., 3 lám. : _bil. ; _c29 cm. |
||
| 650 | 4 |
_aLaringe- _xCáncer. _9147258 |
|
| 852 |
_aES-MaACL _jE-1247 |
||
| 999 |
_c90348 _d90348 |
||